| 000 | 00604nam a2200109Ia 4500 | ||
|---|---|---|---|
| 008 | 171212s9999 xx 000 0 und d | ||
| 100 | _aAshwood, J. Scott;Briscombe, Brian;Collins, Rebecca L.;Wong, Eunice C.;Eberhart, Nicole K. | ||
| 245 |
_cAshwood, J. Scott;Briscombe, Brian;Collins, Rebecca L.;Wong, Eunice C.;Eberhart, Nicole K. _aInvestment in Social Marketing Campaign to Reduce Stigma and Discrimination Associated with Mental Illness Yields Positive Economic Benefits to California |
||
| 260 |
_bRAND Corporation _c2016 |
||
| 650 | _aHistory | ||
| 856 | _uhttp://jstor.org/stable/10.7249/j.ctt1btc10d | ||
| 999 |
_c352240 _d352240 |
||